000 00578nam a2200169 i 4500
001 84626
003 ES-MaACL
005 20250531063030.0
007 t|
008 041123s1962 sp ||||1| spa d
100 1 _aJiménez de Gregorio, Fernando,
_d1911-2012
_966505
245 1 0 _aTalavera de la Reina en el siglo XVIII
_b: (población, economía y sociedad) /
_cFernando Jiménez de Gregorio.
260 _a[Toledo] :
_bAyuntamiento de Talavera de la Reina,
_c1962.
300 _a64 p. ;
_c22 cm.
852 _aES-MaACL
_jC-21630
_bR.49568
999 _c84626
_d84626